000 00313nam a22001337a 4500
008 181011b xxu||||| |||| 00| 0 eng d
020 _a9780205340545
041 _aeng
080 _a159.9
100 _a48
101 _aPSI
245 _aResearch Stories of Lifespan Development
_cMorrison,A
942 _2udc
_cBK
999 _c49346
_d49346